000 00906nam a2200241Ia 4500
001 8863
003 GE_BSU
008 181216s||||||||xx |||||||||||||| ||und||
040 _cGE_BSU
080 _a821.353.1-11+821.353.1-1
100 _aკალაძე,კარლო
245 _aფიქრები. ძახილი აღმოსავლეთს
245 _bჩემი მესხეთ–ჯავახეთი.პოემა
245 _cრედ. ც.ქაროსანიძე, მხატვ. ო. ჯიშკარიანი
260 _aთბილისი
260 _bმერანი
260 _c1970
300 _a169გვ.21სმ.
653 _aპოემა
653 _aფიქრები. ძახილი აღმოსავლეთს
653 _aჩემი მესხეთ–ჯავახეთი
942 _cBK
999 _c42170
_d42170